000 00423nam a22001457a 4500
003 OSt
005 20160727222339.0
008 160618b xxu||||| |||| 00| 0 eng d
040 _cTEST
100 _944
_aWeiss, E
245 _aAry You Still Mad Reader's Digest Kids
_bAry You Still Mad Reader's Digest Kids
260 _aN.Y
_bReader's Digest Children
_c1999
300 _aAry You Still Mad Reader's Digest Kids
942 _2ddc
_cBK
999 _c37
_d37